000 00894nam a22002657a 4500
001 9746
003 FISKH
005 20260204145937.0
008 260204b cb ||||| |||| 00| 0 eng d
020 _a1880892596
040 _aFISKH
_beng
_cFISKH
_dFISKH
082 _a372.4
100 _aStrayer , Debbie
_eAuthor
245 _aWink , blink , and pink /
_cWritten by Debbie Strayer : Illustrations by Joy Majewski
260 _aMelrose , FL :
_bCommon Sense Press ,
_c1998 .
300 _a10 pages :
_billustrations ;
_c21 cm .
490 _aBridge Reader
_vBook 4
505 _aD
520 _aThese are six delightful readers, which go along with the Learning Language Arts Through Literature Blue Kit. Grade 1.
521 8 _a160
_bLexile estimate
521 8 _aD
_bRaz-Plus
700 _aMajewski , Joy
_eIllustrator
942 _2ddc
_cBK
_n0
999 _c9746
_d9746